Propuesta de política pública de desarrollo económico local con enfoque en empleo a jóvenes, mujeres y personas con discapacidad habitantes del municipio de Estelí
Presenta análisis del contexto económico, político, jurídico y social con el entorno departamental y nacional en el desarrollo económico además muestra un instrumento de política pública de desarrollo económico local propuesto al gobierno local.
| Main Authors: | , |
|---|---|
| Other Authors: | |
| Format: | Tesis Section = Libro |
| Language: | Undetermined Spanish |
| Published: |
Estelí
UNI
2008
|
| Subjects: |
| LEADER | 01110nam a2200241Ia 4500 | ||
|---|---|---|---|
| 008 | 240830s9999 xx 000 0 und d | ||
| 040 | |a BIBLIOTECA-RUSB/ T.Mon 338.9 L177 | ||
| 041 | |a spa | ||
| 082 | |a T.Mon 338.9 L177 | ||
| 100 | 1 | |a Lagos Matute, Ima Tamara | |
| 100 | 1 | |b Barreda Rodríguez, Loyda | |
| 245 | 1 | 0 | |a Propuesta de política pública de desarrollo económico local con enfoque en empleo a jóvenes, mujeres y personas con discapacidad habitantes del municipio de Estelí |
| 260 | |a Estelí |b UNI |c 2008 | ||
| 300 | |a 61 p. :il. | ||
| 502 | |a Tesis (Máster en Administración de Políticas Públicas) - UNI, 2008. | ||
| 520 | 3 | |a Presenta análisis del contexto económico, político, jurídico y social con el entorno departamental y nacional en el desarrollo económico además muestra un instrumento de política pública de desarrollo económico local propuesto al gobierno local. | |
| 650 | 7 | |a DESARROLLO ECONOMICO Y SOCIAL | |
| 650 | 7 | |b PARTICIPACION SOCIAL | |
| 650 | 7 | |c IGUALDAD DE OPORTUNIDADES | |
| 700 | 1 | |a Tutor: | |
| 942 | |c BK |2 ddc | ||
| 991 | |a TESIS | ||
| 999 | |c 21731 | ||